| 000 | 005200000a22001930004500 | ||
|---|---|---|---|
| 001 | 001976 | ||
| 003 | MACL | ||
| 005 | 20150908135705.0 | ||
| 008 | 150908b xxu||||| |||| 00| 0 eng d | ||
| 040 |
_aMACL _cMACL |
||
| 041 | _aEnglish | ||
| 082 | _a801.952/SIN | ||
| 100 |
_aSingh, Pankaj _99255 |
||
| 245 |
_aRe-presenting Woman _bTradition Legend and Panjabi Drama _cPankaj Singh |
||
| 260 |
_aDelhi _c2000 _bIndian Institute of Advance Study, |
||
| 350 | _a325 | ||
| 650 |
_aLiterature _99256 |
||
| 942 |
_k802 _cBK _2ddc |
||
| 999 |
_c13892 _d13892 |
||